| 000 | 00559nam a2200193 4500 | ||
|---|---|---|---|
| 001 | 120738 | ||
| 003 | ES-MaACL | ||
| 007 | t| | ||
| 008 | 070214s1972 sp r ||||1| spa d | ||
| 100 | 1 |
_aPrados Arrarte, Jesús. _993635 |
|
| 245 | 1 | 0 |
_aDemanda, costes y precio / _cJesús Prados Arrarte. |
| 250 | _a2ª ed. | ||
| 260 |
_aMadrid : _bGuadiana, _c1972. |
||
| 300 |
_a195 p. ; _c21 cm. |
||
| 490 | 1 | _aEstudios de Economía Política | |
| 830 | 0 |
_aEstudios de Economía Política _9218697 |
|
| 852 |
_aES-MaACL _jE-9045 _bR.93469 |
||
| 999 |
_c120738 _d120738 |
||